Forest pricing and concession policies : Managing the high forests of West and Central Africa

Bibliographic Details
Main Author: GRUT
Corporate Author: International Bank for Reconstruction and Development
Other Authors: Egli 1963-, Gray 1934-
Format: Book
Published: Washington, D. C. : The World Bank , 1991
Series:World Bank technical paper; n. 143
Subjects:

MARC

LEADER 00000cam a2200000 7i4500
001 0000001343
005 20140510.0
020 0 0 |a 0821318756 
090 0 0 |a 333.750966   |b GRU 1991 
100 1 0 |a GRUT   |h Mikael 
245 1 0 |a Forest pricing and concession policies :   |b Managing the high forests of West and Central Africa   |c Mikael Grut, John A. Gray and Nicolas Egli 
260 0 0 |a Washington, D. C. :   |b The World Bank ,   |c 1991 
300 |a viii, 77 p. ;   |c 28 cm. 
440 0 0 |a World Bank technical paper; n. 143 
500 0 0 |a Bibliography : [p. 75-77] 
650 0 0 |a Forest policy   |z Africa, Central 
650 0 0 |a Forest policy   |z Africa, West 
650 0 0 |a Forests and forestry   |x Economic aspects   |z Africa, Central 
650 0 0 |a Forests and forestry   |x Economic aspects   |z Africa, West 
700 0 1 |a Egli   |h Nicolas ,   |c 1963- 
700 0 1 |a Gray   |h John Andrew ,   |c 1934- 
710 1 1 |a International Bank for Reconstruction and Development 
998 |a JPSM 
999 |a 0000000695   |b Monograph   |c Open Shelf   |e Default branch 
999 |a 0000004490   |b Monograph   |c Open Shelf   |e Default branch